[Event "AUT-ch"]
[Site "Austria"]
[Date "1987.??.??"]
[Round "10"]
[White "Hoelzl, Franz"]
[Black "Schlosser, Michael"]
[Result "1-0"]
[WhiteElo "2390"]
[BlackElo "2350"]

1.c4 g6 2.d4 Bg7 3.Nc3 Nf6 4.e4 d6 5.Nf3 O-O 6.Be2 e5 7.O-O Nc6 8.d5 Ne7
9.Nd2 a5 10.b3 Nd7 11.Ba3 f5 12.b4 axb4 13.Bxb4 Nc5 14.a4 Bh6 15.Bxc5 dxc5
16.Nb3 b6 17.Bf3 Rb8 18.a5 Kh8 19.Nb5 Bg7 20.a6 Ra8 21.a7 Bb7 22.exf5 Nxf5
23.Nd2 Nd6 24.Nxd6 cxd6 25.Ne4 Bc8 26.Qa4 Bf5 27.Ra3 Bh6 28.Qc2 Rf7 29.Rfa1 Rb7
30.Ra6 Qe7 31.Qa2 Bxe4 32.Bxe4 Qh4 33.Qa4 Qxe4 34.Qc6 Bc1 35.Rxc1 Raxa7 36.Qxd6 Qf4
37.Raa1 Rf7 38.Qb8+ Kg7 39.Qxa7 Qxc1+ 40.Rxc1 Rxa7 41.Kf1 Ra4 42.Ke2 Rb4
43.Kd3 Kf6 44.f3 Ke7 45.Ra1 Rb2 46.Ra7+ Kd6 47.Rb7 h5 48.h4 Rxg2 49.Rxb6+ Kd7
50.Rc6 Rh2 51.Rxc5 Rxh4 52.Rc6 Rd4+ 53.Kc3 Rf4 54.Rxg6 Rxf3+ 55.Kb4 Rf8 56.c5 Rb8+
57.Kc4 Rb1 58.c6+ Ke7 59.d6+ Kf7 60.Rh6 Rc1+ 61.Kb5 Rxc6 62.Kxc6  1-0

[Event "FRG-ch"]
[Site "Bad Neuenahr"]
[Date "1987.??.??"]
[Round "?"]
[White "Hort, Vlastimil"]
[Black "Maier, Christian"]
[Result "0-1"]
[WhiteElo "2555"]
[BlackElo "2345"]

1.d4 Nf6 2.Nf3 g6 3.c4 Bg7 4.Nc3 O-O 5.e4 d6 6.Be2 e5 7.O-O Nc6 8.d5 Ne7
9.Ne1 Nd7 10.Nd3 f5 11.Bd2 Nf6 12.f3 f4 13.c5 g5 14.cxd6 cxd6 15.Nf2 Ng6
16.Qc2 Rf7 17.a4 h5 18.h3 Bh6 19.Ra3 Nh4 20.Rc1 g4 21.hxg4 hxg4 22.fxg4 f3
23.Bxh6 Nxg4 24.Nxg4 Bxg4 25.Qd2 fxe2 26.Nxe2 Ng6 27.Ng3 Nf4 28.Rf1 Qb6+
29.Qe3 Qxb2 30.Bxf4 exf4 31.Rxf4 Rg7 32.Qc3 Qb6+ 33.Qe3 Qb2 34.Rc3 Re8 35.Qd4 Bd7
36.Rf2 Qa1+ 37.Rf1 Qxa4 38.Qf6 Qa2 39.Rcf3 Bg4 40.R3f2 Qa3 41.Qxd6 Qxd6  0-1

[Event "Bath zt"]
[Site "Bath"]
[Date "1987.??.??"]
[Round "?"]
[White "Flear, Glenn C"]
[Black "Mestel, A Jonathan"]
[Result "0-1"]
[WhiteElo "2495"]
[BlackElo "2520"]

1.d4 Nf6 2.c4 g6 3.Nc3 Bg7 4.e4 d6 5.Be2 O-O 6.Nf3 e5 7.O-O Nc6 8.d5 Ne7
9.b4 Nd7 10.c5 f5 11.cxd6 cxd6 12.Nd2 Nf6 13.b5 Bh6 14.Bd3 fxe4 15.Ndxe4 Bxc1
16.Rxc1 Bf5 17.Qd2 Rc8 18.Nxf6+ Rxf6 19.Bxf5 gxf5 20.Kh1 Ng6 21.g3 Rf7 22.f4 exf4
23.gxf4 Rfc7 24.Ne2 Qe8 25.Ng3 Qxb5 26.Rxc7 Rxc7 27.Re1 Re7 28.Rc1 Nh4 29.Qd4 Qc5
30.Qd1 Qe3 31.Rc8+ Re8 32.Rxe8+ Qxe8 33.Qd2 Qb5 34.Qd1 Qc4 35.h3 Qxf4 36.Qh5 Qxg3  0-1

[Event "Beersheba"]
[Site "Beersheba"]
[Date "1987.??.??"]
[Round "?"]
[White "Gurevich, Dmitry"]
[Black "Watson, William N"]
[Result "1/2-1/2"]
[WhiteElo "2535"]
[BlackElo "2500"]

1.d4 Nf6 2.c4 g6 3.Nc3 Bg7 4.e4 d6 5.Nf3 O-O 6.Be2 e5 7.O-O Nc6 8.d5 Ne7
9.Ne1 Nd7 10.Be3 f5 11.f3 f4 12.Bf2 g5 13.b4 Rf6 14.c5 Rh6 15.cxd6 cxd6 16.Nb5 Nf6
17.Rc1 g4 18.fxg4 Nxe4 19.Nc7 Nxf2 20.Rxf2 Rb8 21.Bd3 Rf6 22.h3 Bd7 23.Qb3 Kh8
24.Nf3 Bc6 25.g5 Rf8 26.Bb1 Qxc7 27.Qd3 Nf5 28.dxc6 Rbe8 29.Qe4 bxc6 30.Rxc6 Qd7
31.Qd5 e4 32.Bxe4 Ne3 33.Rxd6 Qe7 34.Qc5 Qxe4 35.g6 Qb1+ 36.Kh2 Nf1+ 37.Rxf1 Qxf1
38.gxh7 Re2 39.Nh4 Rxg2+ 40.Nxg2 f3 41.Nf4 Re8 42.Rd7 Qe1 43.Rxg7 Kxg7 44.Qxa7+ Kh6
45.Qb6+ Kg5 46.Qg6+ Kxf4 47.Qf7+ Kg5 48.Qg7+ Kf4 49.Qf7+ Kg5 50.Qg7+ Kf4
51.Qf7+  1/2-1/2

[Event "Beersheba"]
[Site "Beersheba"]
[Date "1987.??.??"]
[Round "?"]
[White "Farago, Ivan"]
[Black "Watson, William N"]
[Result "0-1"]
[WhiteElo "2535"]
[BlackElo "2500"]

1.d4 Nf6 2.c4 g6 3.Nc3 Bg7 4.e4 O-O 5.Be2 d6 6.Nf3 e5 7.O-O Nc6 8.d5 Ne7
9.Nd2 c5 10.Rb1 Ne8 11.b4 b6 12.bxc5 bxc5 13.Nb3 f5 14.Bg5 Kh8 15.exf5 gxf5
16.Nxc5 dxc5 17.d6 Nxd6 18.Nd5 Re8 19.Nxe7 Rxe7 20.Qd5 Bb7 21.Rxb7 Nxb7 22.Qxd8+ Rxd8
23.Bxe7 Rd2 24.Bh5 e4 25.Rb1 Rxa2 26.g4 Ra1 27.Rxa1 Bxa1 28.Bf7 a5 29.Be8 Kg7
30.g5 a4 31.Bxa4 Kf7 32.Bf6 Bxf6 33.Bc6 Nd8 34.Bd5+ Ne6 35.gxf6 Kxf6 36.f3 e3
37.Kf1 Nf4 38.Bb7 Ke5 39.Bc8 h6 40.Ke1 Kd4  0-1

[Event "Berlin-ch+"]
[Site "Berlin"]
[Date "1987.??.??"]
[Round "?"]
[White "Bachmann, Andreas"]
[Black "Riedel, Wolfgang"]
[Result "0-1"]
[WhiteElo "2235"]
[BlackElo "2310"]

1.d4 Nf6 2.c4 g6 3.Nc3 Bg7 4.e4 d6 5.Nf3 O-O 6.Be2 e5 7.O-O Nc6 8.d5 Ne7
9.Ne1 Nd7 10.Be3 f5 11.f3 f4 12.Bf2 g5 13.b4 Nf6 14.c5 h5 15.cxd6 cxd6 16.Rc1 Bd7
17.Nb5 Bxb5 18.Bxb5 g4 19.Kh1 Ng6 20.Nd3 a6 21.Ba4 Bh6 22.Be1 g3 23.Bd2 gxh2
24.Kxh2 Rf7 25.Rh1 Bg5 26.Be1 h4 27.Nf2 Nh5 28.Rc3 Ng3 29.Rg1 h3 30.gxh3 Rh7
31.Qc2 b5 32.Bb3 Qd7 33.Ng4 Kh8 34.Bf2 Bd8 35.Rc1 Rh5 36.Bxg3 fxg3+ 37.Kxg3 Nf4
38.Rc8 Rxh3+ 39.Kf2 Qa7+ 40.Ke1 Qg1+ 41.Kd2 Qg2+ 42.Ke3 Rxf3+  0-1

[Event "Budel zt"]
[Site "Budel"]
[Date "1987.??.??"]
[Round "?"]
[White "Winants, Luc"]
[Black "Scheeren, Peter"]
[Result "1-0"]
[WhiteElo "2415"]
[BlackElo "2445"]

1.d4 Nf6 2.c4 g6 3.Nc3 Bg7 4.e4 d6 5.Be2 O-O 6.Nf3 e5 7.O-O Nc6 8.d5 Ne7
9.Nd2 c5 10.Rb1 Ne8 11.b4 b6 12.bxc5 bxc5 13.Nb3 f5 14.Bg5 Nf6 15.exf5 gxf5
16.Qd2 Ng6 17.f3 Rf7 18.Kh1 Nf4 19.Rfe1 h6 20.Bh4 h5 21.Bf1 Ng6 22.Bg5 Qf8
23.Na5 Nh7 24.Be3 e4 25.f4 Nf6 26.h3 Bh8 27.Nc6 Rh7 28.Kg1 h4 29.Be2 Nh5
30.Bxh5 Rxh5 31.Rb3 Rh7 32.Reb1 Rf7 33.Nb5 Kh7 34.Qa5 Bf6 35.Bd2 a6 36.Nc7 Bd4+
37.Kh1 e3 38.Bxe3 Bxe3 39.Rxe3 Nxf4 40.Nxa8  1-0

[Event "Camaguey-A"]
[Site "Camaguey"]
[Date "1987.??.??"]
[Round "?"]
[White "Garcia Gonzales, Guillermo"]
[Black "Hazai, Laszlo"]
[Result "1/2-1/2"]
[WhiteElo "2495"]
[BlackElo "2465"]

1.d4 Nf6 2.c4 g6 3.Nc3 Bg7 4.e4 d6 5.Be2 O-O 6.Nf3 e5 7.O-O Nc6 8.Be3 Ng4
9.Bg5 f6 10.Bc1 f5 11.d5 Ne7 12.b4 Nf6 13.Ng5 h6 14.Ne6 Bxe6 15.dxe6 fxe4
16.b5 Nf5 17.Bg4 c6 18.Bxf5 gxf5 19.Ba3 Re8 20.bxc6 bxc6 21.Bxd6 Rxe6 22.c5 Bf8
23.Qb3 Qe8 24.Rfd1 Qf7 25.Rd2 Ree8 26.Qd1 Nd7 27.Rc1 e3 28.fxe3 Nxc5 29.Qf3 e4
30.Qg3+ Qg7 31.Bxc5 Bxc5 32.Nd5 Qxg3 33.hxg3 Rad8 34.Rxc5 Rxd5 35.Rdxd5 cxd5
36.Rxd5 Rf8 37.Ra5 Rf7 38.Kh2 Rc7 39.g4 fxg4 40.Kg3 Rg7 41.Re5 Rg6 42.Rxe4 h5
43.Ra4 Re6 44.Kf4 Rf6+ 45.Kg5 Rf2 46.Kxh5 g3 47.Rg4+ Kh7 48.Rxg3 Rxa2 49.Kg5 a5
50.Kf5 a4 51.e4 a3 52.Ke5 Re2 53.Rxa3 Rxg2 54.Ra7+ Kg8 55.Kf6 Rf2+ 56.Ke6 Re2
57.e5 Kf8 58.Ra8+ Kg7 59.Re8 Ra2 60.Re7+ Kf8 61.Rf7+ Ke8  1/2-1/2

[Event "Copenhagen op"]
[Site "Copenhagen"]
[Date "1987.??.??"]
[Round "3"]
[White "Brinck Claussen, Bjorn"]
[Black "Mortensen, Erling"]
[Result "1/2-1/2"]
[WhiteElo "2395"]
[BlackElo "2440"]

1.d4 Nf6 2.c4 g6 3.Nc3 Bg7 4.e4 d6 5.Be2 O-O 6.Nf3 e5 7.O-O Nc6 8.d5 Ne7
9.Nd2 a5 10.a3 Nd7 11.Ra2 f5 12.b4 axb4 13.axb4 Rxa2 14.Nxa2 Nf6 15.Nc3 Kh8
16.f3 Nh5 17.c5 Nf4 18.Nc4 Ng8 19.cxd6 cxd6 20.Nb5 Bd7 21.Ncxd6 Qb6+ 22.Kh1 fxe4
23.fxe4 Nxe2 24.Qxe2 Rxf1+ 25.Qxf1 Nf6 26.Qg1 Qa6 27.Qa7 Bxb5 28.Qb8+ Be8
29.Be3 Qa4 30.b5 Bf8 31.Nxe8 Qa1+ 32.Bg1 Nxe4 33.h3 Ng3+ 34.Kh2 Qxg1+ 35.Kxg1 Bc5+
36.Kh2 Nf1+  1/2-1/2

[Event "Copenhagen op"]
[Site "Copenhagen"]
[Date "1987.??.??"]
[Round "5"]
[White "Berg, Klaus"]
[Black "Hazai, Laszlo"]
[Result "1/2-1/2"]
[WhiteElo "2365"]
[BlackElo "2465"]

1.Nf3 Nf6 2.c4 g6 3.Nc3 Bg7 4.e4 d6 5.d4 O-O 6.Be2 e5 7.O-O Nc6 8.Be3 Ng4
9.Bg5 f6 10.Bh4 Nh6 11.dxe5 dxe5 12.c5 Be6 13.Qa4 Qe8 14.Bc4 g5 15.Bg3 g4
16.Bxe6+ Qxe6 17.Nh4 Nd4  1/2-1/2

[Event "Copenhagen op"]
[Site "Copenhagen"]
[Date "1987.??.??"]
[Round "6"]
[White "Conquest, Stuart"]
[Black "Berg, Klaus"]
[Result "1/2-1/2"]
[WhiteElo "2445"]
[BlackElo "2365"]

1.d4 Nf6 2.Nf3 g6 3.c4 Bg7 4.Nc3 O-O 5.e4 d6 6.Be2 e5 7.O-O Nc6 8.d5 Ne7
9.Nd2 a5 10.Rb1 Nd7 11.a3 f5 12.b4 b6 13.Nb3 axb4 14.axb4 Nf6 15.Bd3 f4 16.f3 g5
17.c5 Ng6 18.cxd6 cxd6 19.Bd2 h5 20.Nb5 g4 21.Rc1 Nh7 22.Nxd6 Qxd6 23.Rc6 Qd8
24.Rxg6 Kf7 25.Rc6 Bd7 26.Rc3 g3 27.h3 Ng5 28.Qe2 Bxh3 29.gxh3 Nxh3+ 30.Kg2 Nf2
31.Rxf2 gxf2 32.Qxf2 Bf6 33.Kf1 Rg8 34.d6 Rg3 35.Bc4+ Kg6 36.Bd5 Rc8 37.Be6 Rxc3
38.Bxc3 Qxd6 39.Bf5+ Kg7 40.Ke2 Qc6 41.Kd2 Qc4 42.Nc1 h4 43.Ne2 Qa2+ 44.Ke1 Qb1+
45.Kd2 Qa2+  1/2-1/2

[Event "HUN-ch op"]
[Site "Eger"]
[Date "1987.??.??"]
[Round "?"]
[White "Kiss, Pal"]
[Black "Portisch, Ferenc"]
[Result "1/2-1/2"]
[WhiteElo "2300"]
[BlackElo "2440"]

1.d4 Nf6 2.c4 g6 3.Nc3 Bg7 4.e4 d6 5.Be2 O-O 6.Nf3 e5 7.O-O Nc6 8.d5 Ne7
9.Ne1 Nd7 10.f3 f5 11.g4 Nf6 12.Be3 Kh8 13.Nd3 c6 14.h3 b5 15.Nb4 cxd5 16.Nbxd5 Nexd5
17.Nxd5 fxe4 18.Nxf6 Rxf6 19.fxe4 Bb7 20.Qd3 bxc4 21.Qxc4 d5 22.Qb3 Bc6 23.Rxf6 Bxf6
24.Rf1 Bg7 25.exd5 Bxd5 26.Qa4  1/2-1/2

[Event "HUN-ch op"]
[Site "Eger"]
[Date "1987.??.??"]
[Round "?"]
[White "Rashkovsky, Nukhim N"]
[Black "Vogt, Lothar"]
[Result "1-0"]
[WhiteElo "2470"]
[BlackElo "2370"]

1.d4 Nf6 2.c4 g6 3.Nc3 Bg7 4.e4 d6 5.Nf3 O-O 6.Be2 e5 7.O-O Nc6 8.d5 Ne7
9.Ne1 Nd7 10.Nd3 f5 11.Bd2 c5 12.Rb1 b6 13.b4 cxb4 14.Rxb4 Nf6 15.f3 f4 16.a4 a5
17.Rb2 Bd7 18.Qb3 Nc8 19.Be1 Be8 20.Bf2 Nd7 21.g3 Rf7 22.gxf4 exf4 23.Rfb1 g5
24.Kh1 Ne5 25.Rg1 Nxc4 26.Qxc4 Rc7 27.Qa2 Rxc3 28.Nxf4 Bf7 29.Ne6 Bxe6 30.dxe6 Kh8
31.Rb5 h6 32.h4 Ne7 33.hxg5 Qe8 34.Qd2 Ng6 35.gxh6 Bf6 36.Rf5 Be5 37.Rxe5 Nxe5
38.Qxc3  1-0

[Event "USA-ch (Women)"]
[Site "Estes Park"]
[Date "1987.??.??"]
[Round "3"]
[White "Linn, G."]
[Black "Jezierska, Ivona"]
[Result "1-0"]
[WhiteElo "2020"]
[BlackElo "2100"]

1.d4 Nf6 2.c4 g6 3.Nc3 Bg7 4.e4 d6 5.Nf3 O-O 6.Be2 e5 7.O-O Nc6 8.d5 Ne7
9.Ne1 Nd7 10.Be3 f5 11.f3 Nf6 12.c5 f4 13.Bf2 g5 14.cxd6 cxd6 15.Rc1 h5 16.Nb5 Ne8
17.Nxa7 Bd7 18.Qb3 Qb8 19.Bb5 Bxb5 20.Nxb5 Rf7 21.Kh1 Bf6 22.a4 g4 23.Bg1 Qd8
24.Qd1 Rg7 25.b4 Bh4 26.a5 Nc8 27.Qd3 Qg5 28.Rc2 Bg3 29.fxg4 hxg4 30.hxg3 Qh5+
31.Bh2 Rh7 32.Kg1 Qxh2+ 33.Kf2 Rf7 34.gxf4 exf4 35.e5 dxe5 36.Qg6+ Ng7 37.Qxg4 Ne7
38.Nf3 Qh7 39.Re2 e4 40.Ng5 Qg6 41.Nxf7 Qxf7 42.Nc7 Rd8 43.Ne6 Rd6 44.Qxg7+ Qxg7
45.Nxg7 e3+ 46.Kg1 Kxg7 47.Rxf4 Nxd5 48.Rd4  1-0

[Event "Gausdal Troll Masters"]
[Site "Gausdal"]
[Date "1987.??.??"]
[Round "?"]
[White "Welin, Thomas"]
[Black "Scholseth, Tor Kristian"]
[Result "1-0"]
[WhiteElo "2400"]
[BlackElo "2280"]

1.d4 Nf6 2.Nf3 g6 3.c4 Bg7 4.Nc3 O-O 5.e4 d6 6.Be2 e5 7.O-O Nc6 8.d5 Ne7
9.b4 Nh5 10.c5 Nf4 11.Bxf4 exf4 12.Qd2 h6 13.Rad1 g5 14.e5 Nf5 15.exd6 cxd6
16.h3 Bd7 17.Nb5 Qf6 18.Rc1 h5 19.c6 Bc8 20.Nh2 a6 21.Nc3 Nd4 22.Bxh5 bxc6
23.dxc6 Nxc6 24.Bf3 Bb7 25.Rfd1 Rab8 26.Ne4 Qg6 27.Qxd6 Ne5 28.Qxg6 fxg6
29.Nxg5 Bxf3 30.Nhxf3 Rxb4 31.Nxe5 Bxe5 32.Rc6 Bf6 33.Rxa6  1-0

[Event "Graz op"]
[Site "Graz"]
[Date "1987.??.??"]
[Round "7"]
[White "Barlov, Dragan"]
[Black "Lenz, Thomas"]
[Result "1-0"]
[WhiteElo "2555"]
[BlackElo "2270"]

1.d4 Nf6 2.Nf3 g6 3.c4 Bg7 4.Nc3 O-O 5.e4 d6 6.Be2 e5 7.O-O Nc6 8.d5 Ne7
9.Ne1 Nd7 10.Nd3 f5 11.Bd2 Nf6 12.f3 Kh8 13.c5 Neg8 14.Rc1 Bh6 15.cxd6 cxd6
16.Nf2 a6 17.a4 Bxd2 18.Qxd2 f4 19.Nb1 g5 20.Na3 h5 21.a5 g4 22.Nc4 g3 23.hxg3 fxg3
24.Nh1 h4 25.f4 Bg4 26.fxe5 Bxe2 27.Qxe2 dxe5 28.Rc3 Qe7 29.d6 Qg7 30.Nxe5 Rae8
31.Rc7 Qg5 32.Rf5 Rxe5 33.Rxg5 Rxg5 34.e5 Ng4 35.Qd3 Rgf5 36.d7 Ne3 37.Rc1 h3
38.Nxg3 h2+ 39.Kxh2 Ng4+ 40.Kg1  1-0

[Event "DSV-Turnier"]
[Site "Halle"]
[Date "1987.??.??"]
[Round "?"]
[White "Lukov, Valentin"]
[Black "Haba, Petr"]
[Result "1-0"]
[WhiteElo "2445"]
[BlackElo "2440"]

1.d4 Nf6 2.Nf3 g6 3.c4 Bg7 4.Nc3 O-O 5.e4 d6 6.Be2 e5 7.O-O Nc6 8.d5 Ne7
9.Ne1 Nd7 10.Nd3 f5 11.Bd2 Nf6 12.f3 f4 13.c5 g5 14.cxd6 cxd6 15.Rc1 Ng6
16.Nf2 a6 17.a4 Rf7 18.b4 b6 19.Nb1 h5 20.h3 Bf8 21.Na3 Bd7 22.b5 a5 23.Rc6 Ne7
24.Nc4 Nc8 25.Bc1 Rg7 26.Ba3 Ra7 27.Re1 Kh8 28.Kf1 Be7 29.Qc2 g4 30.fxg4 hxg4
31.hxg4 Ne8 32.Rc1 Bxc6 33.bxc6 Bh4 34.Bf3 Rh7 35.Nh3 Bg3 36.Rd1 Rag7 37.Qb2 Nf6
38.g5 Rxh3 39.gxf6 Rh1+ 40.Ke2 Rgh7 41.Rxh1 Rxh1 42.Nxe5 Kh7 43.Nd7 Kg6 44.e5 Re1+
45.Kd2 Re3 46.Qc2+  1-0

[Event "Halle (Women)"]
[Site "Halle"]
[Date "1987.??.??"]
[Round "4"]
[White "Broeder, Iris"]
[Black "Bos Swiecik, Iwona"]
[Result "0-1"]
[WhiteElo "2225"]
[BlackElo "2200"]

1.d4 Nf6 2.c4 g6 3.Nc3 Bg7 4.e4 d6 5.Nf3 O-O 6.Be2 e5 7.O-O Nc6 8.d5 Ne7
9.b4 Nd7 10.Nd2 f5 11.f3 f4 12.a4 g5 13.Ba3 Nf6 14.c5 Ng6 15.b5 Rf7 16.Nc4 Bf8
17.b6 cxb6 18.cxd6 Bd7 19.Qb3 g4 20.fxg4 Nxg4 21.Nb5 Qh4 22.Bxg4 Bxg4 23.Rf2 Bd7
24.Nc7 Rc8 25.Ne6 Qf6 26.Nd2 Bh6 27.Nf3 Nf8 28.Nc7 Bg4 29.a5 Nd7 30.axb6 axb6
31.h3 Bh5 32.Ne6 Nc5 33.Bxc5 bxc5 34.Qb5 Bf8 35.d7 Rb8 36.Ra7 c4 37.d8=Q Rxd8
38.Nxd8 Qxd8 39.Nxe5 Rc7 40.d6 Qxd6 41.Nf3 Qc5 42.Rxb7 Qxb5 43.Rxb5 Bc5 44.Kf1 Bxf2
45.Kxf2 Bg6 46.Ng5 Rc8 47.Rb1 h6 48.Ne6 c3 49.Rc1 Bxe4 50.Nxf4 Kf7 51.Ke3 Bh7
52.g4 c2 53.h4 Rc3+ 54.Kf2 Be4 55.Ne2 Rf3+ 56.Ke1 Rh3 57.g5 h5 58.Kd2 Rxh4
59.Nd4 Rg4 60.Ke3 h4 61.Nxc2 h3 62.Rf1+ Kg6 63.Ne1 h2 64.Nf3 Bxf3  0-1

[Event "NOR-ch"]
[Site "Kristiansand"]
[Date "1987.??.??"]
[Round "?"]
[White "Ostenstad, Berge"]
[Black "Moen, Ole Christian"]
[Result "1-0"]
[WhiteElo "2410"]
[BlackElo "2320"]

1.d4 Nf6 2.Nf3 g6 3.c4 Bg7 4.Nc3 O-O 5.e4 d6 6.Be2 e5 7.O-O Nc6 8.d5 Ne7
9.Nd2 Nd7 10.b4 f5 11.a4 a5 12.bxa5 Nc5 13.Ba3 Nxe4 14.Ndxe4 fxe4 15.Nxe4 Nf5
16.c5 Rxa5 17.Bb4 Ra8 18.Bg4 Qh4 19.cxd6 cxd6 20.Bd2 Nd4 21.Bxc8 Raxc8 22.f3 Bh6
23.Bxh6 Qxh6 24.Nxd6 Rc2 25.Ne4 Ne2+ 26.Kh1 Rf4 27.Qe1 Kh8 28.h3 Rh4 29.Nf2 Qg5
30.Ne4 Qh5 31.Nf2 Nf4 32.Qb4 Kg8 33.Qe7 Qf5 34.Qxh4 h5 35.Qd8+ Kh7 36.Rac1 Ne2
37.Rxc2 Ng3+ 38.Kg1 Qxc2 39.Qe7+ Kh6 40.Qf8+ Kh7 41.Qf7+ Kh6  1-0

[Event "Lloyds Bank op"]
[Site "London"]
[Date "1987.??.??"]
[Round "7"]
[White "Zueger, Beat"]
[Black "Agnos, Demetrios"]
[Result "1-0"]
[WhiteElo "2405"]
[BlackElo "2330"]

1.d4 Nf6 2.c4 g6 3.Nc3 Bg7 4.e4 d6 5.Nf3 O-O 6.Be2 e5 7.O-O Nc6 8.d5 Ne7
9.Ne1 Nd7 10.Be3 f5 11.f3 f4 12.Bf2 g5 13.Nb5 a6 14.Na7 Rxa7 15.Bxa7 b6 16.b4 Bb7
17.Qa4 Nc8 18.c5 dxc5 19.Bxa6 Bxa6 20.Qxa6 Nd6 21.Nd3 c4 22.Nc5 bxc5 23.bxc5 Nc8
24.c6 Ndb6 25.Bxb6 Nxb6 26.a4 Qa8 27.Qb5 Qa7 28.Kh1 Ra8 29.a5 Bf8 30.d6 Bxd6
31.axb6 Qxa1 32.Qxc4+ Kg7 33.b7 Qa5 34.bxa8=Q Qxa8 35.g3 fxg3 36.hxg3 Qa3
37.Kg2 Qe3 38.Qc1 Qxc1 39.Rxc1 Kf6 40.Rh1 Kg6 41.Rd1  1-0

[Event "Namestovo"]
[Site "Namestovo"]
[Date "1987.??.??"]
[Round "7"]
[White "Plachetka, Jan"]
[Black "Pekarek, Ales"]
[Result "1-0"]
[WhiteElo "2430"]
[BlackElo "2425"]

1.Nf3 Nf6 2.c4 g6 3.Nc3 Bg7 4.e4 d6 5.d4 O-O 6.Be2 e5 7.O-O Nc6 8.d5 Ne7
9.Bd2 Nh5 10.g3 h6 11.Nh4 Bh3 12.Re1 Qd7 13.b4 Nf6 14.Rc1 Nh7 15.c5 f5 16.exf5 gxf5
17.f4 dxc5 18.Bc4 Kh8 19.bxc5 Bg4 20.Qa4 Qxa4 21.Nxa4 Rfd8 22.fxe5 Ng5 23.d6 cxd6
24.cxd6 Nc6 25.Bf4 Nd4 26.Bd5 Ne2+ 27.Rxe2 Bxe2 28.Bxb7 Rab8 29.Rc7 Ne6 30.Nc3 Bd3
31.Bxh6 Bxh6 32.Ng6+ Kg8 33.Bd5 Re8 34.d7 Be3+ 35.Kg2 Rb2+ 36.Kf3 Rd8 37.Bxe6+ Kg7
38.Kxe3  1-0

[Event "Netanya op"]
[Site "Netanya"]
[Date "1987.??.??"]
[Round "6"]
[White "Lahav, Ehud"]
[Black "Pein, Malcolm"]
[Result "1-0"]
[WhiteElo "2360"]
[BlackElo "2370"]

1.Nf3 g6 2.c4 Nf6 3.Nc3 Bg7 4.e4 d6 5.d4 O-O 6.Be2 e5 7.O-O Nc6 8.d5 Ne7
9.Nd2 a5 10.Rb1 c5 11.a3 Ne8 12.b4 axb4 13.axb4 b6 14.bxc5 bxc5 15.Nb3 f5
16.f3 Kh8 17.Bg5 f4 18.Bh4 Bf6 19.Be1 Ng8 20.Ra1 Rxa1 21.Qxa1 Bh4 22.Qa5 Qg5
23.Bxh4 Qxh4 24.Nxc5 Ng7 25.Nd3 g5 26.Qc7 g4 27.fxg4 Bxg4 28.Qxd6 Bxe2 29.Nxe2 Rf6
30.Qxe5 Rh6 31.Qxf4 Qh5 32.Rf3 Rf6 33.Qe3  1-0

[Event "New York op"]
[Site "New York"]
[Date "1987.??.??"]
[Round "?"]
[White "Suba, Mihai"]
[Black "Watson, William N"]
[Result "0-1"]
[WhiteElo "2560"]
[BlackElo "2500"]

1.Nf3 Nf6 2.c4 g6 3.Nc3 Bg7 4.e4 d6 5.d4 O-O 6.Be2 e5 7.O-O Nc6 8.Be3 Ng4
9.Bg5 f6 10.Bh4 Kh8 11.dxe5 dxe5 12.c5 Nh6 13.h3 Be6 14.Qa4 Qe8 15.Rad1 f5
16.Bb5 a6 17.Bxc6 bxc6 18.exf5 gxf5 19.Rfe1 e4 20.Nd4 Bd7 21.Bg3 Qg6 22.Nde2 Rf7
23.Bxc7 Rg8 24.Nf4 Qg5 25.Qxa6 Be8 26.Qb6 Re7 27.Nce2 Nf7 28.Kh1 Rxc7 29.Ne6 Qe7
30.Nxc7 Be5 31.Nxe8 Ng5 32.Nd6 Nxh3 33.Nxf5 Qg5 34.Neg3 Nxf2+ 35.Kg1 Nxd1
36.Rxd1 Bxg3 37.Nxg3 Qxg3 38.Rd2 Qe1+ 39.Kh2 Qh4+ 40.Kg1 Qe1+ 41.Kh2 Qxd2
42.Qxc6 Qxg2+  0-1

[Event "New York op"]
[Site "New York"]
[Date "1987.??.??"]
[Round "?"]
[White "Suba, Mihai"]
[Black "Gligoric, Svetozar"]
[Result "1-0"]
[WhiteElo "2560"]
[BlackElo "2495"]

1.Nf3 Nf6 2.c4 g6 3.Nc3 Bg7 4.e4 d6 5.d4 O-O 6.Be2 e5 7.O-O Nc6 8.Be3 Re8
9.dxe5 dxe5 10.Qxd8 Rxd8 11.Rfd1 Bg4 12.Nb5 Rxd1+ 13.Rxd1 Ne8 14.c5 a6 15.Nc3 Rd8
16.Rxd8 Nxd8 17.Nd2 Bxe2 18.Nxe2 Kf8 19.Nc4 Ke7 20.Nc3 c6 21.Na4 Ke6 22.f3 f5
23.Kf1 Nf6 24.Bg5 Nf7 25.Bxf6 Bxf6 26.Na5 Nd8 27.Nb6 fxe4 28.fxe4 Be7 29.b4 Bf8
30.Ke2 Bh6 31.Nbc4 Bf8 32.Kf3 Be7 33.Kg4 Bf8 34.h4 Be7 35.h5 Kf6 36.hxg6 hxg6
37.Nb3 Nf7 38.Nbd2 Bd8 39.Nf3 Bc7 40.Kh4 Bd8 41.Kg3 Ke6 42.Nfd2 Bg5 43.Nb3 Be7
44.Nba5 Nd8 45.Kg4 Kf6 46.Nd2 Bf8 47.Kf3 Be7 48.Ke3 Ke6 49.Nf3 Bf6 50.g4 Be7
51.Kd3 Bf6 52.Kc4 Be7 53.a3 Bf6 54.Kd3 Be7 55.Ke3 Bf6 56.Kf2 Be7 57.Kg3 Bf6
58.g5 Be7 59.Kg4 Bf8 60.Nh4 Kf7 61.Nc4 Bg7 62.Nd6+  1-0

[Event "New York op"]
[Site "New York"]
[Date "1987.??.??"]
[Round "?"]
[White "Gurevich, Dmitry"]
[Black "Hellers, Ferdinand"]
[Result "0-1"]
[WhiteElo "2535"]
[BlackElo "2465"]

1.d4 Nf6 2.c4 g6 3.Nc3 Bg7 4.e4 d6 5.Nf3 O-O 6.Be2 e5 7.O-O Nc6 8.d5 Ne7
9.Ne1 Nd7 10.Be3 f5 11.f3 f4 12.Bf2 g5 13.b4 Nf6 14.c5 Ng6 15.cxd6 cxd6 16.Rc1 Rf7
17.a4 h5 18.a5 Bd7 19.Nb5 Bxb5 20.Bxb5 g4 21.Kh1 g3 22.Bg1 gxh2 23.Bf2 h4
24.Kxh2 Nh5 25.Rg1 Ng3 26.Nd3 Bf8 27.Be1 Rh7 28.Nf2 h3 29.gxh3 Qh4 30.Rc3 Qh5
31.Bf1 Kh8 32.Qd3 Be7 33.Nh1 Rg8 34.Bxg3 fxg3+ 35.Nxg3 Qh4 36.Nh1 Qf4+ 37.Ng3 Nh4
38.Qe3 Qxe3 39.Rxe3 Bg5 40.Nf5 Nxf5  0-1

[Event "NLD-ch"]
[Site "?"]
[Date "1987.??.??"]
[Round "?"]
[White "Vanheste, Jeroen"]
[Black "Riemersma, Liafbern"]
[Result "0-1"]
[WhiteElo "2290"]
[BlackElo "2395"]

1.d4 Nf6 2.c4 g6 3.Nc3 Bg7 4.e4 d6 5.Nf3 O-O 6.Be2 e5 7.O-O Nc6 8.d5 Ne7
9.b4 Nh5 10.g3 a5 11.bxa5 f5 12.Nd2 Nf6 13.Ba3 Bh6 14.c5 Bxd2 15.Qxd2 Nxe4
16.Nxe4 fxe4 17.Rac1 Bh3 18.Rfd1 Nf5 19.Bb2 e3 20.fxe3 Nxg3 21.hxg3 Qg5 22.g4 Rf2
23.Qe1 Raf8 24.e4 Qf4  0-1

[Event "NLD-ch"]
[Site "?"]
[Date "1987.??.??"]
[Round "?"]
[White "Boersma, Paulus A"]
[Black "Riemersma, Liafbern"]
[Result "1/2-1/2"]
[WhiteElo "2415"]
[BlackElo "2395"]

1.Nf3 Nf6 2.c4 g6 3.Nc3 Bg7 4.e4 O-O 5.d4 d6 6.Be2 e5 7.O-O Nc6 8.d5 Ne7
9.Bd2 Nh5 10.Rc1 h6 11.Ne1 Nf4 12.Bxf4 exf4 13.Nd3 f5 14.Nxf4 fxe4 15.Ne6 Bxe6
16.dxe6 Nf5 17.Qd5 c6 18.Qxe4 Qf6 19.Bg4 Rae8 20.Rce1 Re7 21.Re2 Rfe8 22.Bxf5 gxf5
23.Qd3 Rxe6 24.Rxe6 Rxe6 25.Rd1 Qe5 26.g3 a6 27.Rd2 Qe1+ 28.Kg2 f4 29.Re2 Rxe2
30.Nxe2 fxg3 31.hxg3 Bxb2  1/2-1/2

[Event "NLD-ch"]
[Site "?"]
[Date "1987.??.??"]
[Round "?"]
[White "Ligterink, Gert"]
[Black "Van der Wiel, John TH"]
[Result "1/2-1/2"]
[WhiteElo "2470"]
[BlackElo "2590"]

1.d4 Nf6 2.c4 g6 3.Nc3 Bg7 4.e4 d6 5.Be2 O-O 6.Nf3 e5 7.O-O Nc6 8.Be3 Ng4
9.Bg5 f6 10.Bh4 Kh8 11.dxe5 dxe5 12.c5 Nh6 13.Qxd8 Nxd8 14.Bc4 c6 15.Nd2 Ne6
16.b4 f5 17.f3 Nf7 18.Nb3 f4 19.Rad1 g5 20.Bf2 Bf6 21.Rd2 h5 22.Na5 Rb8 23.h3 g4
24.hxg4 hxg4 25.fxg4 Neg5 26.Be2 Nh6 27.b5 Bxg4 28.Bxg4 Nxg4 29.bxc6 bxc6
30.Nxc6 Rb7 31.Bh4 Rg7 32.Bxg5 Bxg5 33.Rf3 Rc8 34.Rd6 Rgc7 35.Rg6 Rg7 36.Rh3+ Kg8
37.Re6 f3 38.gxf3 Be3+ 39.Kf1 Nf2 40.Rh2 Nd3 41.Nd5 Bxc5 42.Rg2 Rxg2 43.Kxg2 Kf7
44.Rf6+ Kg7 45.Re6 Kf7 46.Rf6+ Kg7 47.Re6  1/2-1/2

[Event "NLD-ch"]
[Site "?"]
[Date "1987.??.??"]
[Round "?"]
[White "Ree, Hans"]
[Black "Riemersma, Liafbern"]
[Result "1-0"]
[WhiteElo "2440"]
[BlackElo "2395"]

1.d4 Nf6 2.c4 g6 3.Nc3 Bg7 4.e4 d6 5.Be2 O-O 6.Nf3 e5 7.O-O Nc6 8.d5 Ne7
9.Bd2 Nh5 10.g3 f5 11.Ng5 Nf6 12.f3 c6 13.Qb3 Kh8 14.Be3 f4 15.Bf2 fxg3 16.hxg3 Nh5
17.Ne6 Bxe6 18.dxe6 Qc8 19.c5 d5 20.exd5 cxd5 21.Nxd5 Qxe6 22.Nxe7 Qxe7 23.Kh2 Qg5
24.Rg1 Qh6 25.Kg2 Qg5 26.Qe3 Qe7 27.Rad1 e4 28.f4 Rad8 29.b4 Nf6 30.Qb3 e3
31.Qxe3 Qxe3 32.Bxe3 Nd5 33.Bf2 Nxb4 34.Rxd8 Rxd8 35.Rb1 Rd2 36.Rxb4 Rxe2
37.Kf3 Re7 38.c6 b6 39.Re4 Rf7 40.Re8+ Bf8 41.Bd4+ Kg8 42.Be5  1-0

[Event "NLD-chT"]
[Site "NLD"]
[Date "1987.??.??"]
[Round "?"]
[White "Sosonko, Gennadi"]
[Black "Bosboom, Manuel"]
[Result "1-0"]
[WhiteElo "2530"]
[BlackElo "2365"]

1.d4 g6 2.e4 Bg7 3.c4 d6 4.Nc3 Nf6 5.Be2 O-O 6.Nf3 e5 7.O-O Nc6 8.d5 Ne7
9.Ne1 Nd7 10.Nd3 f5 11.Bd2 Nf6 12.f3 f4 13.c5 g5 14.cxd6 cxd6 15.Nf2 Ng6
16.Qc2 Rf7 17.Rfc1 Rc7 18.Qb3 Bf8 19.Nb5 Rg7 20.Qc2 Ne8 21.a4 Nh4 22.Ra3 a6
23.Rc3 Bd7 24.Nc7 Bxa4 25.Qxa4 Nxc7 26.g3 Ng6 27.Bf1 h5 28.Qa5 Ne8 29.Qxd8 Rxd8
30.Bh3 g4 31.fxg4 h4 32.g5 hxg3 33.Be6+ Kh8 34.hxg3 fxg3 35.Nh3 Re7 36.Kg2 Bg7
37.Rh1  1-0

[Event "NLD-chT"]
[Site "NLD"]
[Date "1987.??.??"]
[Round "?"]
[White "Van der Sterren, Paul"]
[Black "Douven, Rudy C"]
[Result "1/2-1/2"]
[WhiteElo "2520"]
[BlackElo "2425"]

1.d4 Nf6 2.c4 g6 3.Nc3 Bg7 4.e4 d6 5.Nf3 O-O 6.Be2 e5 7.O-O Nc6 8.d5 Ne7
9.Ne1 Nd7 10.f3 f5 11.Be3 f4 12.Bf2 g5 13.Nb5 b6 14.b4 a6 15.Nc3 Rf6 16.Nd3 Rh6
17.Be1 Nf6 18.Nf2 Rg6 19.a4 h5 20.h3 Kh8 21.a5 Neg8 22.b5 Nh6 23.axb6 cxb6
24.bxa6 Rxa6 25.Rxa6 Bxa6 26.Qa4 Bc8 27.Qa8 g4 28.fxg4 hxg4 29.hxg4 Nhxg4
30.Nxg4 Nxg4 31.Bxg4 Rxg4 32.Rf3 Kg8 33.Qc6 Bf8 34.Nb5 Rg7 35.Bh4 Qxh4 36.Qxc8 Qe1+
37.Kh2 Rg6 38.Qf5 Rh6+  1/2-1/2